Financial Accounting . (Record no. 1362)

MARC details
005 - DATE AND TIME OF LATEST TRANSACTION
control field 20250414084225.0
020 ## - INTERNATIONAL STANDARD BOOK NUMBER
International Standard Book Number 0-13-311820-7
082 ## - DEWEY DECIMAL CLASSIFICATION NUMBER
Classification number 657 HAR
100 ## - MAIN ENTRY--PERSONAL NAME
Author name HARRISON, W.T.
245 ## - TITLE STATEMENT
Title Financial Accounting .
250 ## - EDITION STATEMENT
Edition statement 2nd Ed.
260 ## - PUBLICATION, DISTRIBUTION, ETC.
Place of publication, distribution, etc. New Jersey,
Name of publisher, distributor, etc. Prentice -Hall
Date of publication, distribution, etc. 1995.
300 ## - PHYSICAL DESCRIPTION
Extent xxv,886p.:Ill.;figures, picture & table.
Other physical details Index
Dimensions 27cm.
700 ## - ADDED ENTRY--PERSONAL NAME
Other authors/Editors HORNGREN, C. T.
942 ## - ADDED ENTRY ELEMENTS (KOHA)
Source of classification or shelving scheme Dewey Decimal Classification
Koha item type Books
Holdings
Date last seen Total checkouts Full call number Barcode Cost, replacement price Price effective from Koha item type Lost status Source of classification or shelving scheme Damaged status Not for loan Withdrawn status Home library Current library Shelving location Date acquired Cost, normal purchase price
06/28/2025   657 HAR DOM000487 60000.00 06/28/2025 Books   Dewey Decimal Classification       CBE Dodoma CBE Dodoma General Collection 06/03/2009 20000.00
06/28/2025   657 HAR DOM000581 60000.00 06/28/2025 Books   Dewey Decimal Classification       CBE Dodoma CBE Dodoma General Collection 06/03/2009 20000.00
04/14/2025   57 HAR 0000005255 30000.00 04/14/2025 Books   Dewey Decimal Classification       College of Business Education Main Library College of Business Education Main Library General Collection 04/14/2025 10000.00